Financial Resource Management of Single Parents in Taytay, Rizal: An Empirical Study (Record no. 83824)
[ view plain ]
| 000 -LEADER | |
|---|---|
| fixed length control field | 01176nam a22001697a 4500 |
| 003 - CONTROL NUMBER IDENTIFIER | |
| control field | URS |
| 005 - DATE AND TIME OF LATEST TRANSACTION | |
| control field | 20250729103641.0 |
| 008 - FIXED-LENGTH DATA ELEMENTS--GENERAL INFORMATION | |
| fixed length control field | 250729b |||||||| |||| 00| 0 eng d |
| 100 ## - MAIN ENTRY--PERSONAL NAME | |
| Personal name | Asma, Yna Amor |
| 245 ## - TITLE STATEMENT | |
| Title | <a href="Financial Resource Management of Single Parents in Taytay, Rizal: An Empirical Study">Financial Resource Management of Single Parents in Taytay, Rizal: An Empirical Study</a> |
| Remainder of title | Yna Amor Asma, Kyla Cabantac, Marchelle Taytayon |
| 260 ## - PUBLICATION, DISTRIBUTION, ETC. (IMPRINT) | |
| Date of publication, distribution, etc | 2025 |
| 300 ## - PHYSICAL DESCRIPTION | |
| Extent | XV, 139 |
| 502 ## - DISSERTATION NOTE | |
| Dissertation note | Thesis |
| Degree type | Bachelor of Science in Business Administration Major in Financial Management |
| Name of granting institution | URS Binangonan |
| Year degree granted | 2025 |
| 520 ## - SUMMARY, ETC. | |
| Summary, etc | The primary objective of this study is to determine the financial resource<br/>management of single parents in Taytay, Rizal. The researchers employed a mixed methods approach, integrating qualitative and quantitative techniques to<br/>effectively address the research question. The researchers designed a questionnaire to gather necessary data from the single parents. Through this method, they were able to assess 183 single parents residing in Taytay, Rizal."<br/>As a way to establish demographic variables, the profile of the respondents was examined using frequency and percentage counts. |
| 700 ## - ADDED ENTRY--PERSONAL NAME | |
| Personal name | Arabella B. Pabilonia |
| Relator term | Adviser |
| 942 ## - ADDED ENTRY ELEMENTS (KOHA) | |
| Source of classification or shelving scheme | Library of Congress Classification |
| Koha item type | Theses and dissertations |
| Withdrawn status | Source of classification or shelving scheme | Damaged status | Not for loan | Home library | Current library | Date acquired | Total Checkouts | Barcode | Date last seen | Price effective from | Koha item type |
|---|---|---|---|---|---|---|---|---|---|---|---|
| Library of Congress Classification | Binangonan College Library | Binangonan College Library | 07/29/2025 | URSBIN-UGT3402 | 07/29/2025 | 07/29/2025 | Theses and dissertations |